[Event "POL-chT3 1112"]
[Site "Poland"]
[Date "2012.04.01"]
[Round "10.32"]
[White "Katafiasz, Tomasz"]
[Black "Oledzki, Tomasz"]
[Result "1-0"]
[WhiteElo "1905"]
[BlackElo "2073"]
[PlyCount "95"]
[EventDate "2011.11.06"]
[EventType "team-tourn"]
[EventRounds "11"]
[EventCountry "POL"]
[SourceTitle "EXT 2015"]
[Source "ChessBase"]
[SourceDate "2014.11.20"]
[SourceVersion "1"]
[SourceVersionDate "2014.11.20"]
[SourceQuality "1"]
[WhiteTeam "Znin Baszta II"]
[BlackTeam "Bydgoszcz Chemik II"]
[WhiteTeamCountry "POL"]
[BlackTeamCountry "POL"]

1. d4 Nf6 2. Nf3 g6 3. c4 Bg7 4. Nc3 d5 5. g3 0-0 6. Bg2 c6 7. 0-0 dxc4 8. Ne5 Ng4 9. Bf4 Nxe5 10. Bxe5 Bxe5 11. dxe5 Be6 12. Qc1 Qd4 13. Qg5 Nd7 14. Rad1 Qxe5 15. Qxe7 Rfe8 16. Qb4 Nc5 17. Bd5 Bxd5 18. Qxc5 b6 19. Qd4 Qxd4 20. Rxd4 Rac8 21. Rfd1 Rc7 22. f3 Kg7 23. Kf2 Be6 24. Ne4 Ree7 25. Ng5 b5 26. Rd8 h6 27. Ne4 c5 28. Rb8 f5 29. Nc3 Rb7 30. Rdd8 a5 31. Nxb5 Rbd7 32. Nc3 Rxd8 33. Rxd8 Rb7 34. Na4 Kf6 35. Rd6 Rb4 36. Nxc5 Rxb2 37. Rxe6+ Kf7 38. a4 c3 39. Re3 c2 40. Rc3 h5 41. Ke3 h4 42. gxh4 f4+ 43. Kxf4 Kf6 44. Ke3 g5 45. hxg5+ Kxg5 46. h3 Kf6 47. Kd3 Ke5 48. Rxc2 1-0

[Event "POL-chT3 1112"]
[Site "Poland"]
[Date "2011.??.??"]
[Round "2.9"]
[White "Tarczykowski, Janusz"]
[Black "Oledzki, Tomasz"]
[Result "1-0"]
[WhiteElo "1997"]
[BlackElo "2073"]
[PlyCount "85"]
[EventDate "2011.11.06"]
[EventType "team-tourn"]
[EventRounds "11"]
[EventCountry "POL"]
[SourceTitle "EXT 2015"]
[Source "ChessBase"]
[SourceDate "2014.11.20"]
[SourceVersion "1"]
[SourceVersionDate "2014.11.20"]
[SourceQuality "1"]
[WhiteTeam "Torun UKS OPP"]
[BlackTeam "Bydgoszcz Chemik II"]
[WhiteTeamCountry "POL"]
[BlackTeamCountry "POL"]

1. d4 c5 2. d5 e5 3. e4 d6 4. h3 Nf6 5. Nc3 g6 6. Bg5 Bg7 7. Nf3 h6 8. Be3 Qa5 9. Nd2 Bd7 10. Nc4 Qc7 11. a4 0-0 12. Be2 b6 13. 0-0 g5 14. Qd3 a6 15. b4 Ra7 16. bxc5 bxc5 17. Rfb1 Bc8 18. Rb6 Rd8 19. Rab1 Rb7 20. a5 Ne8 21. Qd1 Nd7 22. Rc6 Qb8 23. Nb6 Nxb6 24. Rcxb6 Rxb6 25. Rxb6 Qa7 26. Bg4 Bf8 27. Qb1 Bxg4 28. hxg4 Nf6 29. Rb7 Qa8 30. f3 Nd7 31. Na4 Rb8 32. Rxb8 Qxb8 33. Qxb8 Nxb8 34. Nb6 Be7 35. g3 Bd8 36. f4 Bxb6 37. axb6 f6 38. fxg5 hxg5 39. Bd2 Kf7 40. Ba5 Ke7 41. b7 Kd7 42. Kf2 Ke8 43. Bc7 1-0

[Event "Bydgoszcz Fordonski op 3rd"]
[Site "Bydgoszcz"]
[Date "2007.12.28"]
[Round "1.4"]
[White "Oledzki, Tomasz"]
[Black "Golinski, Damian"]
[Result "1-0"]
[WhiteElo "2083"]
[BlackElo "1878"]
[PlyCount "73"]
[EventDate "2007.12.28"]
[EventType "swiss"]
[EventRounds "5"]
[EventCountry "POL"]
[SourceTitle "EXT 2023"]
[Source "ChessBase"]
[SourceDate "2022.10.05"]
[SourceVersion "1"]
[SourceVersionDate "2022.10.05"]
[SourceQuality "1"]

1. c4 e5 2. Nc3 Nf6 3. g3 d5 4. cxd5 Nxd5 5. Bg2 Be6 6. d3 Nc6 7. Nf3 Be7 8. 0-0 0-0 9. Bd2 Qd7 10. a3 f5 11. Rc1 Rad8 12. b4 a6 13. Qc2 h6 14. Rfd1 g5 15. Nxd5 Bxd5 16. Bc3 g4 17. Ne1 Bg5 18. e3 Qe6 19. Qe2 Bb3 20. Rd2 f4 21. Be4 fxe3 22. fxe3 Rf6 23. Ng2 Rdf8 24. Rb2 Bd5 25. b5 axb5 26. Rxb5 Bxe4 27. dxe4 Nd4 28. Bxd4 exd4 29. Nf4 Bxf4 30. exf4 c6 31. Rxb7 h5 32. Qd3 Rd8 33. e5 Rf7 34. Rxf7 Qxf7 35. Rxc6 Kg7 36. Rf6 Qe8 37. Qf5 1-0

[Event "POL Academic Cup 2nd"]
[Site "Wroclaw"]
[Date "2007.05.02"]
[Round "6"]
[White "Kubicki, Marek"]
[Black "Oledzki, Tomasz"]
[Result "1-0"]
[WhiteElo "2170"]
[BlackElo "2075"]
[PlyCount "41"]
[EventDate "2007.04.28"]
[EventType "swiss"]
[EventRounds "9"]
[EventCountry "POL"]
[SourceTitle "EXT 2011"]
[Source "ChessBase"]
[SourceDate "2010.11.26"]
[SourceVersion "1"]
[SourceVersionDate "2010.11.26"]
[SourceQuality "1"]

1. e4 d6 2. d4 Nf6 3. Nc3 g6 4. f3 c6 5. Be3 Bg7 6. Qd2 h5 7. Be2 Nbd7 8. Nh3 0-0 9. 0-0-0 e5 10. dxe5 dxe5 11. Ng5 Qa5 12. g4 b5 13. gxh5 Nxh5 14. a3 Re8 15. Qd6 Rb8 16. Qxc6 b4 17. axb4 Qxb4 18. Bc4 Qxb2+ 19. Kd2 Ndf6 20. Bxf7+ Kh8 21. Bxe8 1-0

[Event "POL-chT3 0607"]
[Site "Poland"]
[Date "2007.02.18"]
[Round "8.34"]
[White "Zwolakiewicz, Krzysztof"]
[Black "Oledzki, Tomasz"]
[Result "0-1"]
[WhiteElo "1986"]
[BlackElo "2074"]
[PlyCount "74"]
[EventDate "2006.11.12"]
[EventType "team-tourn"]
[EventRounds "11"]
[EventCountry "POL"]
[SourceTitle "EXT 2009"]
[Source "ChessBase"]
[SourceDate "2008.11.26"]
[SourceVersion "1"]
[SourceVersionDate "2008.11.26"]
[SourceQuality "1"]

1. e4 d6 2. Nc3 g6 3. Bc4 Bg7 4. f4 Nf6 5. d3 c6 6. Nf3 d5 7. exd5 cxd5 8. Bb3 0-0 9. 0-0 Nc6 10. Qe1 Na5 11. Qh4 Nxb3 12. axb3 d4 13. Ne2 Ng4 14. Ng5 h6 15. Nf3 Bf6 16. Qg3 h5 17. Ng5 Nh6 18. Qf2 b5 19. Ng3 Bg7 20. h3 Nf5 21. Nxf5 Bxf5 22. g4 f6 23. gxf5 fxg5 24. fxg6 gxf4 25. Qh4 e5 26. Qxh5 Rf6 27. Qh7+ Kf8 28. Bd2 Qd6 29. Rae1 Rxg6+ 30. Kh2 Kf7 31. Qh5 Rh8 32. Qf5+ Rf6 33. Qxe5 Rxh3+ 34. Kxh3 Rh6+ 35. Kg4 Bxe5 36. Rxe5 Qxe5 37. Rxf4+ Kg8 0-1

[Event "KPZS-ch"]
[Site "Sepolno Kraj"]
[Date "2006.06.27"]
[Round "6"]
[White "Oledzki, Tomasz"]
[Black "Kaminski, Damian"]
[Result "1-0"]
[WhiteElo "1994"]
[BlackElo "1800"]
[PlyCount "78"]
[EventDate "2006.06.24"]
[EventType "swiss"]
[EventRounds "9"]
[EventCountry "POL"]
[SourceTitle "EXT 2007"]
[Source "ChessBase"]
[SourceDate "2006.11.23"]
[SourceVersion "1"]
[SourceVersionDate "2006.11.23"]
[SourceQuality "1"]

1. c4 g6 2. Nc3 Bg7 3. g3 Nf6 4. Bg2 0-0 5. Nf3 d6 6. 0-0 c5 7. d4 cxd4 8. Nxd4 Nbd7 9. Rb1 Nb6 10. b3 a6 11. Bb2 Rb8 12. a4 Nfd7 13. e4 Nc5 14. Nd5 Ne6 15. Nxe6 Bxe6 16. Bxg7 Nxd5 17. cxd5 Kxg7 18. dxe6 fxe6 19. Qd4+ Kg8 20. Rbc1 b5 21. h4 bxa4 22. bxa4 a5 23. h5 Rb4 24. Rc4 Rb3 25. h6 e5 26. Qd5+ Kh8 27. Rc8 Qxc8 28. Qxb3 g5 29. Qd1 Rf6 30. Qc1 Qg8 31. Qc7 Rxh6 32. Qxe7 Rg6 33. Rd1 Re6 34. Qc7 Qf8 35. Rb1 Rf6 36. Rb8 Rxf2 37. Rxf8+ Rxf8 38. Qxd6 Rf1+ 39. Bxf1 Kg7 1-0

[Event "KPZS-ch"]
[Site "Sepolno Kraj"]
[Date "2006.06.24"]
[Round "1"]
[White "Oledzki, Tomasz"]
[Black "Strzemiecki, Zbigniew"]
[Result "0-1"]
[WhiteElo "1994"]
[BlackElo "2332"]
[PlyCount "90"]
[EventDate "2006.06.24"]
[EventType "swiss"]
[EventRounds "9"]
[EventCountry "POL"]
[SourceTitle "EXT 2007"]
[Source "ChessBase"]
[SourceDate "2006.11.23"]
[SourceVersion "1"]
[SourceVersionDate "2006.11.23"]
[SourceQuality "1"]

1. d4 f5 2. g3 Nf6 3. Bg2 e6 4. Nf3 Be7 5. 0-0 0-0 6. c4 d6 7. Nc3 Ne4 8. Qc2 Nxc3 9. Qxc3 a5 10. a3 a4 11. b4 axb3 12. Qxb3 Nc6 13. Bb2 Bf6 14. Rfd1 Qe7 15. Rac1 Na5 16. Qc2 Bd7 17. e4 fxe4 18. Qxe4 Nxc4 19. Ba1 d5 20. Qe2 Rxa3 21. Ne5 Bb5 22. Qg4 Bxe5 23. dxe5 Ra2 24. Bh3 Rf5 25. Rxd5 c6 26. Rd6 Rxa1 27. Rxa1 Nxd6 28. exd6 Qxd6 29. Qe4 Rf6 30. Re1 Kf7 31. Bg4 g6 32. h4 h5 33. Rd1 Qc5 34. Bf3 Ke7 35. Re1 Kd7 36. Re3 Qd5 37. Kg2 Qxe4 38. Bxe4 Bc4 39. f4 Bd5 40. Kf3 Rf8 41. Ra3 c5 42. Ke3 Bxe4 43. Kxe4 Rc8 44. Ke5 c4 45. Kd4 c3 0-1

[Event "Torun-ch"]
[Site "Torun"]
[Date "2006.??.??"]
[Round "1"]
[White "Pazderski, Ziemowit"]
[Black "Oledzki, Tomasz"]
[Result "1/2-1/2"]
[WhiteElo "2197"]
[BlackElo "1994"]
[PlyCount "135"]
[EventDate "2006.??.??"]
[EventType "swiss"]
[EventRounds "9"]
[EventCountry "POL"]
[SourceTitle "EXT 2007"]
[Source "ChessBase"]
[SourceDate "2006.11.23"]
[SourceVersion "1"]
[SourceVersionDate "2006.11.23"]
[SourceQuality "1"]

1. c4 c5 2. Nf3 Nf6 3. d4 cxd4 4. Nxd4 g6 5. g3 Bg7 6. Bg2 0-0 7. 0-0 Nc6 8. Nc3 Nxd4 9. Qxd4 d6 10. Qh4 h5 11. Bg5 Re8 12. Rad1 Qb6 13. Rd2 Bd7 14. e4 Rac8 15. b3 Bc6 16. Nd5 Bxd5 17. exd5 Qd8 18. Re1 Rc7 19. Rde2 Kf8 20. Qf4 Qd7 21. a4 Qg4 22. h3 Qxf4 23. Bxf4 Rd8 24. a5 Ng8 25. Be3 Bc3 26. Bd2 Bxd2 27. Rxd2 Rb8 28. Ra2 b6 29. axb6 Rxb6 30. Ra3 Nf6 31. Rea1 Rcb7 32. Rxa7 Rxb3 33. Rxb7 Rxb7 34. Ra8+ Kg7 35. Bf1 Rc7 36. Ra4 Ne4 37. Rb4 Kf6 38. Kg2 Ra7 39. Rb3 Ke5 40. f4+ Kd4 41. Rd3+ Kc5 42. Kf3 f5 43. g4 Ra2 44. gxf5 gxf5 45. Be2 h4 46. Re3 Rb2 47. Ra3 Rb8 48. Ke3 Rg8 49. Ra7 Rg3+ 50. Bf3 Kxc4 51. Rxe7 Kxd5 52. Rh7 Rxh3 53. Rh5 Ke6 54. Rh6+ Ke7 55. Ke2 Nf6 56. Bg2 Rg3 57. Bf3 Rh3 58. Bg2 Ra3 59. Rxh4 Ng4 60. Bh3 Re3+ 61. Kd2 Rg3 62. Rh5 Ke6 63. Bxg4 Rxg4 64. Ke3 Rg1 65. Rh6+ Kd5 66. Rf6 Rg3+ 67. Kf2 Ra3 68. Rxf5+ 1/2-1/2

[Event "Torun-ch"]
[Site "Torun"]
[Date "2006.??.??"]
[Round "8"]
[White "Rzoska, Kamil"]
[Black "Oledzki, Tomasz"]
[Result "1/2-1/2"]
[WhiteElo "2178"]
[BlackElo "1980"]
[PlyCount "31"]
[EventDate "2006.??.??"]
[EventType "swiss"]
[EventRounds "9"]
[EventCountry "POL"]
[SourceTitle "EXT 2007"]
[Source "ChessBase"]
[SourceDate "2006.11.23"]
[SourceVersion "1"]
[SourceVersionDate "2006.11.23"]
[SourceQuality "1"]

1. e4 d6 2. d4 g6 3. Nc3 Bg7 4. f4 Nf6 5. Nf3 c5 6. Bb5+ Bd7 7. e5 Ng4 8. e6 fxe6 9. Ng5 Bxb5 10. Nxe6 Bxd4 11. Nxd8 Bf2+ 12. Kd2 Be3+ 13. Ke1 Bf2+ 14. Kd2 Be3+ 15. Ke1 Bf2+ 16. Kd2 1/2-1/2

[Event "Torun-ch"]
[Site "Torun"]
[Date "2006.??.??"]
[Round "3"]
[White "Starzynski, Waldemar"]
[Black "Oledzki, Tomasz"]
[Result "1/2-1/2"]
[WhiteElo "1880"]
[BlackElo "1994"]
[PlyCount "93"]
[EventDate "2006.??.??"]
[EventType "swiss"]
[EventRounds "9"]
[EventCountry "POL"]
[SourceTitle "EXT 2007"]
[Source "ChessBase"]
[SourceDate "2006.11.23"]
[SourceVersion "1"]
[SourceVersionDate "2006.11.23"]
[SourceQuality "1"]

1. e4 d6 2. d4 Nf6 3. Nc3 g6 4. Nf3 Bg7 5. Be2 c6 6. 0-0 0-0 7. h3 Re8 8. Be3 Qc7 9. Qd2 e5 10. dxe5 dxe5 11. Rfd1 Nbd7 12. a4 a5 13. Bc4 Nb6 14. Bf1 Bf8 15. Bg5 Nh5 16. Bd8 Rxd8 17. Qxd8 Qxd8 18. Rxd8 Nd7 19. Rd1 Nhf6 20. g4 h6 21. h4 g5 22. hxg5 hxg5 23. Nxg5 Kg7 24. Bc4 Be7 25. Rxc8 Rxc8 26. Nxf7 Rc7 27. Ng5 Nf8 28. Ne6+ Nxe6 29. Bxe6 Bc5 30. Kg2 Bd4 31. f3 b5 32. Ne2 Bxb2 33. Ng3 Ba3 34. Nf5+ Kg6 35. Kg3 bxa4 36. f4 Nxe4+ 37. Kf3 Nc3 38. Rh1 e4+ 39. Kg3 Ne2+ 40. Kf2 Nxf4 41. Bc4 Bf8 42. Ke3 Nd5+ 43. Kxe4 Nf6+ 44. Kf4 Nd5+ 45. Ke4 Rd7 46. Rh8 Nf6+ 47. Kf4 1/2-1/2

[Event "Solec Kuj-ch Seniors"]
[Site "Solec Kuj"]
[Date "2003.??.??"]
[Round "2"]
[White "Oledzki, Tomasz"]
[Black "Starzynski, Waldemar"]
[Result "0-1"]
[WhiteElo "2000"]
[BlackElo "1800"]
[PlyCount "126"]
[EventDate "2003.??.??"]
[EventType "swiss"]
[EventRounds "9"]
[EventCountry "POL"]
[SourceTitle "EXT 2007"]
[Source "ChessBase"]
[SourceDate "2006.11.23"]
[SourceVersion "1"]
[SourceVersionDate "2006.11.23"]
[SourceQuality "1"]

1. e4 e6 2. d4 d5 3. Nd2 dxe4 4. Nxe4 Nf6 5. Bd3 Be7 6. Nf3 b6 7. Bf4 Bb7 8. Qe2 Nbd7 9. Nfg5 Nd5 10. Nh3 Nxf4 11. Nxf4 Nf6 12. 0-0-0 0-0 13. c3 Nxe4 14. Bxe4 Bxe4 15. Qxe4 Bg5 16. Kb1 Qd6 17. g3 Rad8 18. h4 Bxf4 19. gxf4 Qd5 20. Qe3 Qf5+ 21. Ka1 Rd7 22. Rhg1 h6 23. Rg3 Rfd8 24. Rdg1 g6 25. h5 Qxh5 26. Rh3 Qf5 27. Rxh6 c5 28. Rgh1 cxd4 29. cxd4 Rxd4 30. Rh8+ Kg7 31. Rxd8 Rxd8 32. Qc3+ Qf6 33. Qe3 Qd4 34. Qf3 Rd5 35. a3 Rb5 36. Qe2 Rf5 37. Qc2 Rxf4 38. Qc8 Rh4 39. Rf1 a5 40. Qc2 Qc4 41. Qd1 Rd4 42. Qe1 Rd5 43. Rh1 Qb3 44. Qc1 g5 45. Rg1 Kf6 46. Qe1 Qf3 47. Qc1 a4 48. Rh1 b5 49. Re1 Rd3 50. Rg1 Qf4 51. Qc8 Qd6 52. Qc1 Qe5 53. Kb1 Qd5 54. Re1 Rd2 55. f3 Qd3+ 56. Ka1 Rc2 57. Qb1 Qb3 58. Re4 Rd2 59. Re1 b4 60. f4 g4 61. axb4 a3 62. Qa2 axb2+ 63. Kb1 Qc2# 0-1